|
|
|
|
| LEADER |
00000nam0a2200000 4500 |
| 001 |
108493 |
| 005 |
20231031115645.0 |
| 035 |
|
|
|a (RuTPU)RU\TPU\book\117125
|
| 090 |
|
|
|a 108493
|
| 100 |
|
|
|a 20070122d2006 m y0rusy50 ca
|
| 101 |
0 |
|
|a rus
|
| 102 |
|
|
|a RU
|
| 105 |
|
|
|a a z 000zy
|
| 200 |
1 |
|
|a Стрежевой
|f сост. С. Чернавских
|
| 210 |
|
|
|a Екатеринбург
|c Дизайн-Принт
|d 2006
|
| 215 |
|
|
|a 96 с.
|c ил.
|
| 610 |
1 |
|
|a Сибирь
|
| 610 |
1 |
|
|a Томская область
|
| 610 |
1 |
|
|a Стрежевой
|
| 610 |
1 |
|
|a 20 век
|
| 610 |
1 |
|
|a история
|
| 610 |
1 |
|
|a нефть
|
| 610 |
1 |
|
|a газ
|
| 686 |
|
|
|a Т3(2Р53)
|v LBC/SL-A
|2 rubbk
|
| 686 |
|
|
|a У04(2Р53)
|v LBC/SL-A
|2 rubbk
|
| 702 |
|
1 |
|a Чернавских
|b С.
|4 220
|
| 801 |
|
1 |
|a RU
|b 63413507
|c 20070122
|g PSBO
|
| 801 |
|
2 |
|a RU
|b 63413507
|c 20070201
|g PSBO
|
| 942 |
|
|
|c BK
|